000 00554nam a2200181 i 4500
001 157794
003 ES-MaACL
005 20250813015837.0
008 931025s1877 it |||| | ita d
245 0 0 _aLirici del secolo XVIII
_b: con cenni biografici.
250 _aEd. sterotipa.
260 _aMilano :
_bEdoardo Sonzogno,
_c1877.
300 _a350 p. ;
_c19 cm.
490 1 _aBiblioteca Classica Economica ;
_v49
830 0 0 _aBiblioteca classica economica
_v49
_9182054
852 _aES-MaACL
_jF-10616
_z-- Enc. hol.
999 _c157794
_d157794